000 00702nas a2200241 4500
001 BR8901617
003 BR-BrBNA
005 20231205091515.0
007 ta
008 230509b bl.|||p| |||| 00| 00por d
040 _aBR-BrBNA
_bpor
_cBiblioteca Nacional de Agricultura
041 _a(Pt)
072 _aN10; L01
100 1 _aBell, D.
245 1 _aPesquisas sobre manejo de poedeiras em gaiolas - fatos e numeros
650 _aGALINHA PARA POSTURA
650 _aGAIOLA
650 _aMANEJO
650 _aCRIACAO
773 0 _tAvicultura Industrial (Brazil)
_xISSN 0101-2258
_g(Apr 1988), v. 78(940) p. 12-16
_wBR8901617
909 _a202311
_bLúcia
_c55
_dLúcia Elande
942 _2AGRIS
_n0
_cANA
999 _c125538
_d125538